[Event "CZE-chT1W 1920"]
[Site "Czech Republic"]
[Date "2020.03.01"]
[Round "9.2"]
[White "Smid, Miroslav"]
[Black "Rut, Vojtech"]
[Result "0-1"]
[WhiteElo "2266"]
[BlackElo "2117"]
[PlyCount "86"]
[EventDate "2019.10.20"]
[EventType "team-tourn"]
[EventRounds "11"]
[EventCountry "CZE"]
[SourceTitle "CBM 195 Extra"]
[Source "ChessBase"]
[SourceDate "2020.05.31"]
[SourceVersion "1"]
[SourceVersionDate "2020.05.31"]
[SourceQuality "1"]
[WhiteTeam "Unichess"]
[BlackTeam "Vysehrad"]
[WhiteTeamCountry "CZE"]
[BlackTeamCountry "CZE"]

1. c4 e6 2. g3 d5 3. Nf3 c6 4. Bg2 dxc4 5. 0-0 Nf6 6. Qc2 b5 7. a4 Bb7 8. b3 cxb3 9. Qxb3 Qd5 10. Qc2 b4 11. Bb2 c5 12. a5 Be7 13. a6 Bc6 14. d3 0-0 15. Nbd2 Nbd7 16. Nc4 Rac8 17. Rfc1 Ba8 18. h3 Rc7 19. Ne3 Qc6 20. Qb3 Qb5 21. Nc4 Bd5 22. e4 Bxc4 23. dxc4 Qb6 24. e5 Ne8 25. Nd2 Nb8 26. Qa4 Rd7 27. Nb3 Nc7 28. Bb7 Rfd8 29. Kg2 Rd3 30. Rc2 Bf8 31. h4 g6 32. Bc1 Bg7 33. Bg5 R8d7 34. Bc8 Bxe5 35. Bxd7 Bxa1 36. Qxa1 Nxd7 37. Bh6 Qc6+ 38. Kg1 Ne5 39. Na5 Qe4 40. Rc1 Nf3+ 41. Kf1 Nd4 42. Kg1 Qe2 43. Bf4 e5 0-1

[Event "CZE-chT2C 1920"]
[Site "Czech Republic"]
[Date "2020.02.09"]
[Round "8.3"]
[White "Rut, Vojtech"]
[Black "Pirklova, Hana"]
[Result "1-0"]
[WhiteElo "2117"]
[BlackElo "2134"]
[PlyCount "66"]
[EventDate "2019.10.13"]
[EventType "team-tourn"]
[EventRounds "11"]
[EventCountry "CZE"]
[SourceTitle "EXT 2024"]
[Source "ChessBase"]
[SourceDate "2023.10.10"]
[SourceVersion "1"]
[SourceVersionDate "2023.10.10"]
[SourceQuality "1"]
[WhiteTeam "Ricany 1925"]
[BlackTeam "Praha Oaza II"]
[WhiteTeamCountry "CZE"]
[BlackTeamCountry "CZE"]

1. d4 Nf6 2. Nf3 g6 3. Bf4 Bg7 4. e3 d6 5. Be2 0-0 6. h3 c6 7. c4 Nbd7 8. Nc3 Qa5 9. 0-0 e5 10. Bh2 Ne8 11. a3 exd4 12. b4 Qd8 13. exd4 Ndf6 14. Re1 d5 15. c5 Ne4 16. Nxe4 dxe4 17. Ne5 Be6 18. b5 f6 19. bxc6 fxe5 20. cxb7 Rb8 21. c6 Nc7 22. Bxe5 Bxe5 23. dxe5 Bd5 24. Rc1 Qh4 25. Qd4 Rbd8 26. Qxa7 Qe7 27. Qd4 Bxc6 28. Qc4+ Ne6 29. Qxc6 Nd4 30. Qxe4 Qxa3 31. Rc7 Qb4 32. Bc4+ Kh8 33. e6 Qd2 1-0

[Event "Groningen op 57th"]
[Site "Groningen"]
[Date "2019.12.26"]
[Round "5"]
[White "Pienabarca, Nicola"]
[Black "Rut, Vojtech"]
[Result "0-1"]
[WhiteElo "2077"]
[BlackElo "2119"]
[PlyCount "95"]
[EventDate "2019.12.21"]
[EventType "swiss"]
[EventRounds "9"]
[EventCountry "NED"]
[SourceTitle "CBM 194 Extra"]
[Source "ChessBase"]
[SourceDate "2020.03.31"]
[SourceVersion "1"]
[SourceVersionDate "2020.03.31"]
[SourceQuality "1"]

1. d4 d5 2. c4 e6 3. Nf3 c6 4. g3 f5 5. Bg2 Nf6 6. 0-0 Bd6 7. b3 Qe7 8. Bf4 Bxf4 9. gxf4 Nbd7 10. Nbd2 0-0 11. e3 b6 12. Qc2 Bb7 13. Qb2 c5 14. Ne5 cxd4 15. Qxd4 Rad8 16. Qb2 Nxe5 17. fxe5 Ne4 18. Rad1 dxc4 19. Nxc4 Ng5 20. f4 Bxg2 21. Qxg2 Ne4 22. Rd4 Rxd4 23. exd4 Rd8 24. Rd1 Qb4 25. Qb2 Qc3 26. Qxc3 Nxc3 27. Rd2 Rxd4 28. Rxd4 Ne2+ 29. Kf2 Nxd4 30. Nd6 Nc6 31. a3 h6 32. h4 g5 33. hxg5 hxg5 34. fxg5 Kg7 35. b4 Kg6 36. Ke3 Kxg5 37. Nf7+ Kg6 38. Nd6 Nxe5 39. Kf4 Nd7 40. Nb5 e5+ 41. Kf3 a6 42. Nc7 a5 43. Nd5 axb4 44. axb4 Kg5 45. Nc7 e4+ 46. Ke3 Kg4 47. Nb5 Kg3 48. Nd4 0-1

[Event "Groningen op 57th"]
[Site "Groningen"]
[Date "2019.12.21"]
[Round "1"]
[White "Davtyan, Artur"]
[Black "Rut, Vojtech"]
[Result "1-0"]
[WhiteElo "2437"]
[BlackElo "2119"]
[PlyCount "25"]
[EventDate "2019.12.21"]
[EventType "swiss"]
[EventRounds "9"]
[EventCountry "NED"]
[SourceTitle "CBM 194 Extra"]
[Source "ChessBase"]
[SourceDate "2020.03.31"]
[SourceVersion "1"]
[SourceVersionDate "2020.03.31"]
[SourceQuality "1"]

1. d4 e6 2. c4 f5 3. Nc3 Nf6 4. Bf4 b6 5. a3 Bb7 6. d5 Bd6 7. Bxd6 cxd6 8. e3 Na6 9. Nf3 Nc5 10. Be2 Nce4 11. 0-0 0-0 12. Nd4 a5 13. Nc2 1-0

[Event "CZE-chT2C 1920"]
[Site "Czech Republic"]
[Date "2019.11.17"]
[Round "3.2"]
[White "Hora, Milan"]
[Black "Rut, Vojtech"]
[Result "0-1"]
[WhiteElo "2157"]
[BlackElo "2117"]
[PlyCount "72"]
[EventDate "2019.10.13"]
[EventType "team-tourn"]
[EventRounds "11"]
[EventCountry "CZE"]
[SourceTitle "EXT 2024"]
[Source "ChessBase"]
[SourceDate "2023.10.10"]
[SourceVersion "1"]
[SourceVersionDate "2023.10.10"]
[SourceQuality "1"]
[WhiteTeam "Kolin"]
[BlackTeam "Ricany 1925"]
[WhiteTeamCountry "CZE"]
[BlackTeamCountry "CZE"]

1. d4 e6 2. c4 f5 3. g3 Nf6 4. Bg2 d5 5. Nf3 c6 6. 0-0 Bd6 7. b3 Qe7 8. a4 Nbd7 9. Ba3 Bxa3 10. Nxa3 a5 11. e3 0-0 12. Qc1 Ne4 13. Qb2 b6 14. Rfc1 Bb7 15. Nc2 c5 16. Nce1 g5 17. Nd3 Rac8 18. Nfe5 Nxe5 19. dxe5 Rcd8 20. Rd1 d4 21. exd4 cxd4 22. f4 Nc3 23. Rf1 Be4 24. Qd2 g4 25. Rfe1 h5 26. Nf2 Bxg2 27. Kxg2 h4 28. gxh4 Kf7 29. Qd3 Rh8 30. h3 g3 31. Nd1 Qxh4 32. Rh1 Qxf4 33. Rf1 Qxe5 34. Rf3 Ne4 35. Ra2 Ke7 36. Re2 Rxh3 0-1

[Event "Ricany op-A"]
[Site "Ricany"]
[Date "2019.08.27"]
[Round "5"]
[White "Rut, Vojtech"]
[Black "Stork, Rostislav"]
[Result "1-0"]
[WhiteElo "2115"]
[BlackElo "1724"]
[PlyCount "53"]
[EventDate "2019.08.24"]
[EventType "swiss"]
[EventRounds "9"]
[EventCountry "CZE"]
[SourceTitle "EXT 2020"]
[Source "ChessBase"]
[SourceDate "2019.10.17"]
[SourceVersion "1"]
[SourceVersionDate "2019.10.17"]
[SourceQuality "1"]

1. e4 e5 2. f4 exf4 3. Nf3 g5 4. d4 d6 5. Nc3 g4 6. Bxf4 gxf3 7. Qxf3 Qh4+ 8. g3 Qg4 9. Qe3 h5 10. Nd5 Bh6 11. Nxc7+ Kd8 12. Nxa8 Bxf4 13. gxf4 Nc6 14. d5 Nb4 15. Kd2 Nf6 16. Nc7 Kxc7 17. Qc3+ Kb8 18. Qxf6 Qf3 19. Qxd6+ Ka8 20. Qxb4 Qxh1 21. e5 Qxd5+ 22. Bd3 Qg2+ 23. Kc3 Be6 24. b3 Qxh2 25. Be4 Rc8+ 26. Kb2 Bd5 27. Bxd5 1-0

[Event "Ricany op-A"]
[Site "Ricany"]
[Date "2019.08.26"]
[Round "4"]
[White "Mladek, Richard"]
[Black "Rut, Vojtech"]
[Result "1-0"]
[WhiteElo "2266"]
[BlackElo "2115"]
[PlyCount "101"]
[EventDate "2019.08.24"]
[EventType "swiss"]
[EventRounds "9"]
[EventCountry "CZE"]
[SourceTitle "EXT 2020"]
[Source "ChessBase"]
[SourceDate "2019.10.17"]
[SourceVersion "1"]
[SourceVersionDate "2019.10.17"]
[SourceQuality "1"]

1. e4 Nf6 2. e5 Nd5 3. d4 d6 4. c4 Nb6 5. exd6 exd6 6. Nc3 Nc6 7. d5 Ne5 8. Be2 Be7 9. f4 Ng6 10. Nf3 0-0 11. 0-0 Bg4 12. h3 Bxf3 13. Rxf3 Re8 14. g3 Bf6 15. Be3 Qd7 16. Kg2 c5 17. Bd3 Bxc3 18. bxc3 Qa4 19. Qb3 Re7 20. Bf2 Rae8 21. g4 Nf8 22. Rb1 Qa6 23. Ra1 Nfd7 24. a4 Qa5 25. g5 g6 26. h4 f6 27. Qc2 Rb8 28. Be3 Qa6 29. a5 fxg5 30. hxg5 Nxc4 31. Ra4 Nxe3+ 32. Rxe3 Rxe3 33. Bxa6 bxa6 34. Re4 Re8 35. Rxe8+ Rxe8 36. Qa4 Rd8 37. Qc6 Nf8 38. Qxa6 Rd7 39. Kf3 Kg7 40. Qc8 Kf7 41. Ke4 Ke7 42. Qb8 Kf7 43. Kd3 Ke7 44. Kc4 Kf7 45. Kb5 Ke7 46. Kc6 Rd8 47. Qxa7+ Nd7 48. Qc7 Ke8 49. c4 Nf8 50. Qxd8+ Kxd8 51. a6 1-0

[Event "Ricany op-A"]
[Site "Ricany"]
[Date "2019.08.25"]
[Round "2"]
[White "Skala, Jaromir"]
[Black "Rut, Vojtech"]
[Result "0-1"]
[WhiteElo "1899"]
[BlackElo "2115"]
[PlyCount "78"]
[EventDate "2019.08.24"]
[EventType "swiss"]
[EventRounds "9"]
[EventCountry "CZE"]
[SourceTitle "EXT 2020"]
[Source "ChessBase"]
[SourceDate "2019.10.17"]
[SourceVersion "1"]
[SourceVersionDate "2019.10.17"]
[SourceQuality "1"]

1. d4 e6 2. c4 f5 3. Nf3 Nf6 4. e3 d5 5. Be2 c6 6. 0-0 Bd6 7. b3 Qe7 8. a4 Nbd7 9. Ba3 c5 10. dxc5 Nxc5 11. b4 Nce4 12. c5 Bc7 13. Qc2 0-0 14. Nbd2 e5 15. b5 Nxd2 16. Nxd2 e4 17. Rfe1 f4 18. exf4 Bxf4 19. c6 Qe5 20. Bxf8 Bxh2+ 21. Kh1 Kxf8 22. Nf1 Bf4 23. Qc5+ Kg8 24. Rad1 b6 25. Qd4 Qg5 26. Bc4 Be6 27. Be2 Rf8 28. g3 Nh5 29. Bxh5 Qxh5+ 30. Kg1 Be5 31. Qd2 Rf6 32. f4 exf3 33. Qf2 Bd6 34. Rd3 Bc5 35. Rde3 Bxe3 36. Rxe3 d4 37. Re1 Bc4 38. Nd2 Be2 39. Rc1 Rh6 0-1

[Event "Ricany op-A"]
[Site "Ricany"]
[Date "2019.08.24"]
[Round "1"]
[White "Rut, Vojtech"]
[Black "Nentvich, Libor"]
[Result "1-0"]
[WhiteElo "2115"]
[BlackElo "1822"]
[PlyCount "51"]
[EventDate "2019.08.24"]
[EventType "swiss"]
[EventRounds "9"]
[EventCountry "CZE"]
[SourceTitle "EXT 2020"]
[Source "ChessBase"]
[SourceDate "2019.10.17"]
[SourceVersion "1"]
[SourceVersionDate "2019.10.17"]
[SourceQuality "1"]

1. d4 Nf6 2. Bg5 Ne4 3. h4 h6 4. Bf4 c5 5. d5 Qb6 6. Nd2 Qxb2 7. Rb1 Qf6 8. Nxe4 Qxf4 9. Nxc5 Qc4 10. Nb3 e5 11. Qd3 Bb4+ 12. Kd1 Qf4 13. Nf3 Na6 14. e3 Qg4 15. Rh3 e4 16. Qd4 Bd6 17. Kd2 f6 18. Na5 b6 19. Nc4 Bc5 20. Rg3 Qf5 21. Qxc5 Qxf3 22. gxf3 Nxc5 23. Rxg7 exf3 24. Nd6+ Kf8 25. Rf7+ Kg8 26. Bd3 1-0